Night of the soul-stealer /

Tom is dismayed when his master the Spook decrees that they will be spending the winter on gloomy and forbidding Anglezarke Moor but soon discovers the reason for his master's decision, as they tangle with two dangerous witches and struggle to keep a dark mage from resurrecting an ancient evil.

Bibliographic Details
Main Author: Delaney, Joseph, 1945-
Format: Book
Language:English
Published: New York : Greenwillow Books, 2007.
Edition:1st American ed.
Series:Delaney, Joseph, 1945- Last apprentice ; bk. 3.
Subjects:

MARC

Tag First Indicator Second Indicator Subfields
LEADER 00000cam a2200000 a 4500
001 in00003528721
005 20170928132716.0
008 060928r20072006nyuab c 000 1 eng
010 |a  2006051423 
019 |a 731237721  |a 731268887 
020 |a 9780060766245  |q (trade bdg.) 
020 |a 0060766247  |q (trade bdg.) 
020 |a 9780060766252  |q (lib. bdg.) 
020 |a 0060766255  |q (lib. bdg.) 
035 |a (OCoLC)ocm76263394 
035 |a (OCoLC)76263394  |z (OCoLC)731237721  |z (OCoLC)731268887 
040 |a DLC  |b eng  |c DLC  |d BKX  |d BTCTA  |d BAKER  |d UPZ  |d KLC  |d JQF  |d YDXCP  |d EHH  |d NPL  |d GACCL  |d CQU  |d EXW  |d IG#  |d OCLCQ  |d BDX  |d ZGH  |d TXBXL  |d OCLCQ  |d OCLCO  |d OCLCF  |d OCLCO  |d OCLCQ  |d UtOrBLW 
042 |a lcac 
049 |a TXAM 
050 0 0 |a PZ7.D373183  |b Nig 2007 
082 0 0 |a [Fic]  |2 22 
100 1 |a Delaney, Joseph,  |d 1945-  |0 http://id.loc.gov/authorities/names/n2007074935 
240 1 0 |a Spook's secret 
245 1 0 |a Night of the soul-stealer /  |c Joseph Delaney ; illustrations by Patrick Arrasmith. 
250 |a 1st American ed. 
264 1 |a New York :  |b Greenwillow Books,  |c 2007. 
300 |a 489 pages :  |b illustrations, map ;  |c 21 cm. 
336 |a text  |b txt  |2 rdacontent 
337 |a unmediated  |b n  |2 rdamedia 
338 |a volume  |b nc  |2 rdacarrier 
490 1 |a The last apprentice ;  |v bk. 3 
500 |a Originally published in Great Britain in 2006 by The Bodley Head under the title: The Spook's secret. 
520 |a Tom is dismayed when his master the Spook decrees that they will be spending the winter on gloomy and forbidding Anglezarke Moor but soon discovers the reason for his master's decision, as they tangle with two dangerous witches and struggle to keep a dark mage from resurrecting an ancient evil. 
505 0 |a An Unexpected Visitor -- Farewell to Chipenden -- Home -- The Winter House -- What Lay Beneath -- A Nasty Piece of Work -- The Stone-chucker -- The Stone-chucker's Return -- Intimations of Death -- Bad News -- Mam's Room -- Necromancy -- Trickery and Betrayal -- Snowbound -- Down the Cellar -- Up to the Attic -- Home Truths -- The Chapel of the Dead --The Round Loaf -- Golgoth --The Trap -- For the Best -- Back to Chipenden -- The Journal of Thomas J. Ward. 
650 0 |a Apprentices  |v Juvenile fiction. 
650 0 |a Paranormal fiction.  |0 http://id.loc.gov/authorities/subjects/sh98004865 
650 0 |a Witches  |v Juvenile fiction.  |0 http://id.loc.gov/authorities/subjects/sh2008113551 
650 1 |a Apprentices  |v Fiction. 
650 1 |a Supernatural  |v Fiction. 
650 1 |a Witches  |v Fiction. 
650 7 |a Apprentices.  |2 fast  |0 (OCoLC)fst00811788 
650 7 |a Paranormal fiction.  |2 fast  |0 (OCoLC)fst01775199 
650 7 |a Witches.  |2 fast  |0 (OCoLC)fst01176346 
655 7 |a Fiction.  |2 fast  |0 (OCoLC)fst01423787 
655 7 |a Juvenile works.  |2 fast  |0 (OCoLC)fst01411637 
800 1 |a Delaney, Joseph,  |d 1945-  |t Last apprentice ;  |v bk. 3.  |0 http://id.loc.gov/authorities/names/n2005093349 
948 |a cataloged  |b h  |c 2015/8/14  |d c  |e ceaton  |f 1:03:58 pm 
994 |a C0  |b TXA 
999 f f |s fc69fea3-5571-3a13-ac20-5329b87000a8  |i efef9760-3fba-3dbd-b2e6-26c8e8cca761  |t 0 
952 f f |p normal  |a Texas A&M University  |b College Station  |c Sterling C. Evans Library  |d Evans: Curriculum Collection (4th floor)  |t 0  |e PZ7.D373183 Nig 2007  |h Library of Congress classification  |i unmediated -- volume  |m A14843146565 
998 f f |a PZ7.D373183 Nig 2007  |t 0  |l Evans: Curriculum Collection (4th floor)